000 00976nam a2200253 a 4500
001 000015012
005 20200929163934.0
008 100129s2008 dr ab r 000 0 spa d
020 _a9789945130942
040 _aDO-SdBNP
_bspa
_cBNPHU
082 _a363.61
_bM553c
100 1 _aMercedes Matos, Ángel Leonardo
_933979
245 1 0 _aCalidad del agua para consumo humano :
_bRepública Dominicana 2006 /
_cLeonardo Mercedes ; prólogo Bautista Rojas Gómez.
260 _aSanto Domingo :
_bMediabyte,
_c2008.
300 _a200 p. :
_bil., gráfcs., mapas ;
_c23 cm.
500 _aIncluye datos biográficos del autor en la contracubierta de la portada.
504 _aBibliografía : p. 179-186.
590 _aInventariado, 2018/BT
650 4 _aAgua potable
_xNormas
_933980
650 4 _aProcesos de potabilización del agua
_910138
650 4 _aCalidad del agua
_933981
700 1 _aRojas Gómez, Bautista,
_epról.
_91410
910 _aValidado. Control de calidad. EMS
999 _c14585
_d14585